Business Mathematics & Statistics (Record no. 2594)

MARC details
005 - DATE AND TIME OF LATEST TRANSACTION
control field 20250524083206.0
020 ## - INTERNATIONAL STANDARD BOOK NUMBER
International Standard Book Number 81-7381-065-6
082 ## - DEWEY DECIMAL CLASSIFICATION NUMBER
Classification number LECT 510 GHO
100 ## - MAIN ENTRY--PERSONAL NAME
Author name GHOSH, R. K.
245 ## - TITLE STATEMENT
Title Business Mathematics & Statistics
250 ## - EDITION STATEMENT
Edition statement 13th Ed.
260 ## - PUBLICATION, DISTRIBUTION, ETC.
Place of publication, distribution, etc. London,
Name of publisher, distributor, etc. New Central Book Agency,
Date of publication, distribution, etc. 2010.
300 ## - PHYSICAL DESCRIPTION
Extent xxi, 601p.: ill.; figure, table.
Dimensions 24cm.
700 ## - ADDED ENTRY--PERSONAL NAME
Other authors/Editors SAHA, S.
856 ## - ELECTRONIC LOCATION AND ACCESS
Link text Access Online Book
Electronic name Business Mathematics & Statistics
Path www.newcentrwlgroup.net
942 ## - ADDED ENTRY ELEMENTS (KOHA)
Source of classification or shelving scheme Dewey Decimal Classification
Koha item type Books
Holdings
Date last seen Total checkouts Full call number Barcode Cost, replacement price Price effective from Koha item type Lost status Source of classification or shelving scheme Damaged status Not for loan Withdrawn status Home library Current library Shelving location Date acquired Cost, normal purchase price
05/24/2025   LECT 510 GHO 0000009745 60000.00 05/24/2025 Books   Dewey Decimal Classification       College of Business Education Main Library College of Business Education Main Library General Collection 10/02/2015 20000.00